000
00290nam a22001217a 4500
008
211124b ||||| |||| 00| 0 eng d
020
_a
9789351503149
050
_a
650
_b
1
245
_a
To BE Or Not to BEE
260
_a
New Delhi
_b
SAGE Publications
_c
2015
300
_a
1
942
_2
ddc
_c
BK
999
_c
11915
_d
11915